000 01057cab a22002055a 4500
001 L148581
008 091005e20081212xxk f l 000 0 eng d
035 _a(Sirsi) u148581
041 0 _aeng
100 1 _aReid, Evelyn
245 0 0 _aFace value?
260 _c2008
490 0 _aNew Law Journal
_v158(7349) 12 December 2008, 1743(1)
520 _aPlatform Funding Ltd v Bank of Scotland Plc (formerly Halifax Plc) [2008] EWCA Civ 930, 31 July 2008 (see L144934). CA had to decide whether the inspection of the wrong property was a breach of an unqualified obligation. Held: by accepting instructions to inspect and value a particular property, notwithstanding being misled into valuing a different property in this case, the valuers undertook an unqualified obligation to inspect the property and failing to do so were in breach of contract.
590 _aKA
650 2 4 _aPLATFORM FUNDING LTD V BANK OF SCOTLAND PLC (FORMERLY HALIFAX PLC)
651 4 _aEngland and Wales
_y1543-
690 _aPROPERTY-PROPERTY VALUATION AND APPRAISAL
942 _n0
999 _c81890
_d81890